MDQL
is popping MORE tags! Check the
thread
!
Quizzes
Events
Quiz Creation
Community
Videos
Private Events
Remove Ads
Sign In
Join for FREE
Feedback
Dark Mode
Quiz Categories
Sports
Geography
Music
Movies
Television
Just For Fun
Miscellaneous
History
Literature
Language
Science
Gaming
Entertainment
Religion
Holiday
For Kids
Quiz Lab
Recent
Popular Today
Quiz Kudos Today
Editor Picks
Curator Picks
Quizzes by...
Day
Popularity
Type
Ratings
Length
Year
Community
Subscriptions
Recent Discussions
Orange Saloon
Badges
Playlists
Quests
Create
Leaderboards
Showdown
Live 5
Trivia Bingo
Activity
Puzzle Library
Sporcle Events
Private Events
Virtual Trivia
Globe League
Become a Host
Pub Owners
SporcleCon
Opinionation
Our Games
Videos
Blog
Mobile Apps
Partnerships
Remove Ads and Go Orange
Feedback
Music
Pop Music
The Beatles
Song
Album
Lyrics
Bands
Singers
Artist
Clip
Rock
Rap
Classical
Billboard
Country Music
Kpop
Taylor Swift
Music
Pop Music
The Beatles
Song
Album
Lyrics
Bands
Singers
Artist
Clip
Rock
Rap
Classical
Billboard
Country Music
Kpop
Taylor Swift
Random Quiz
Search Sporcle
×
Quiz Lab
Quiz Lab
Music
Brittany
Type in answers that appear in a list
Type in answers that appear in a list
Classic
Best Score? Go Orange.
Chipmunk Original Albums Stats
Can you name the Chipmunk Original Albums?
By
Blazepix
20m
249 Questions
4 Plays
4 Plays
4 Plays
Comments
Comments
Give Quiz Kudos
Give Quiz Kudos
-
- Ratings
hide this ad
More Info
Replay
Link that replays current quiz
Next Quiz
Link to next quiz in quiz playlist
You Got
0%
They Got
Avg Score
16%
Avg Friend Score
Upgrade to see
Score Distribution
Jump to the score distribution portion of the page
Score
0/249
Timer
20:00
0
Plays Today
Album
Song
% Correct
Sing Again with the Chipmunks
Witch Doctor
100%
Chipmunk Mania
Witch Doctor
100%
Club Chipmunk: The Dance Mixes
Witch Doctor
100%
Around the World with the Chipmunks
Japanese Banana
75%
Around the World with the Chipmunks
Oh, Gondaliero
75%
Around the World with the Chipmunks
Spain
75%
Let's Sing with the Chipmunks
The Chipmunk Song (Christmas Don't Be Late)
50%
Around the World with the Chipmunks
Rudolph, the Red-Nosed Reindeer
50%
The Chipmunks Sing the Beatles Hits
She Loves You
50%
The Chipmunks Sing the Beatles Hits
Love Me Do
50%
The Chipmunks Sing the Beatles Hits
Twist and Shout
50%
The Chipmunks Sing the Beatles Hits
P.S. I Love You
50%
Chipmunk Punk
My Sharona
50%
Chipmunk Rock
Jessies Girl
50%
The Chipmunks Go Hollywood
Eye of the Tiger
50%
Chipmunk Mania
The Chipmunk Song (Christmas Don't Be Late)
50%
Chipmunk Mania
She Loves You
50%
Chipmunk Mania
Twist and Shout
50%
The Chipmunks 'Munk Rock
Twist and Shout
50%
The Chipmunks and the Chipettes: Born to Rock
Faith
50%
The Chipmunks and the Chipettes: Born to Rock
Diamond Dolls
50%
The Chipmunks and the Chipettes: Born to Rock
The Girls of Rock and Roll
50%
The Chipmunks Rock the House
U Can't Touch This
50%
The Chipmunks Rock the House
Ice Ice Alvin
50%
Chipmunks in Low Places
Achy Breaky Heart
50%
Chipmunks in Low Places
There Ain't Nothin' Wrong with the Radio
50%
Chipmunks in Low Places
I Ain't No Dang Cartoon
50%
When You Wish Upon a Chipmunk
Be Our Guest
50%
The A-
Files: Alien Songs
Men in Black Movie Theme
50%
The A-
Files: Alien Songs
Rocket Man (I Think It's Going to Be a Long, Long Time)
50%
Undeniable
Undeniable
50%
Let's Sing with the Chipmunks
Yankee Doodle
25%
Let's Sing with the Chipmunks
Alvin's Harmonica
25%
Let's Sing with the Chipmunks
If You Love Me (Alouette)
25%
Let's Sing with the Chipmunks
Ragtime Cowboy Joe
25%
Sing Again with the Chipmunks
Sing Again with the Chipmunks
25%
Sing Again with the Chipmunks
Home on the Range
25%
Sing Again with the Chipmunks
Row, Row, Row Your Boat
25%
Sing Again with the Chipmunks
Alvin's Orchestra
25%
Around the World with the Chipmunks
The Brave Chipmunks
25%
Around the World with the Chipmunks
I Wish I Could Speak French
25%
Around the World with the Chipmunks
Stuck in Arabia
25%
Around the World with the Chipmunks
August Dear
25%
Around the World with the Chipmunks
The Pidgin English Hula
25%
The Chipmunk Songbook
The Alvin Twist
25%
The Chipmunk Songbook
Git Along Little Doggies
25%
The Chipmunk Songbook
America the Beautiful
25%
The Chipmunks Sing the Beatles Hits
I Want to Hold Your Hand
25%
The Chipmunks Sing with Children
Hello Dolly
25%
The Chipmunks Sing with Children
Puff (The Magic Dragon)
25%
The Chipmunks Sing with Children
Supercalifragilisticexpialidocious
25%
The Chipmunks Sing with Children
Que Será, Será
25%
Chipmunks á Go-
Go
This Diamond Ring
25%
Chipmunks á Go-
Go
Downtown
25%
The Chipmunks See Doctor Dolittle
Dr. Dolittle
25%
The Chipmunks See Doctor Dolittle
My Friend the Doctor
25%
The Chipmunks See Doctor Dolittle
Talk to the Animals
25%
The Chipmunks See Doctor Dolittle
Finale
25%
The Chipmunks Go to the Movies
Chitty Chitty Bang Bang
25%
The Chipmunks Go to the Movies
Hushabye Mountain
25%
The Chipmunks Go to the Movies
Supercalifragilisticexpialidocious
25%
The Chipmunks Go to the Movies
Chim Chim Cher-ee
25%
The Chipmunks Go to the Movies
Que Será, Será
25%
The Chipmunks Go to the Movies
You Two
25%
Chipmunk Punk
Let's Go
25%
Chipmunk Punk
Refugee
25%
Chipmunk Punk
Call Me
25%
Chipmunk Punk
You May Be Right
25%
Urban Chipmunk
The Gambler
25%
Urban Chipmunk
Mamas Don't Let Your Babies Grow Up to Be Cowboys
25%
Chipmunk Rock
Hit Me With Your Best Shot
25%
Chipmunk Rock
Leader of the Pack
25%
The Chipmunks Go Hollywood
Tomorrow
25%
The Chipmunks Go Hollywood
You're the One that I Want
25%
Chipmunk Mania
Alvin's Harmonica
25%
Chipmunk Mania
Ragtime Cowboy Joe
25%
Chipmunk Mania
The Alvin Twist
25%
Chipmunk Mania
I Want to Hold Your Hand
25%
The Chipmunks 'Munk Rock
This Diamond Ring
25%
The Chipmunks 'Munk Rock
I Want to Hold Your Hand
25%
The Chipmunks 'Munk Rock
Downtown
25%
The Chipmunks and the Chipettes: Born to Rock
Always on My Mind
25%
The Chipmunks and the Chipettes: Born to Rock
Heaven is a Place on Earth
25%
Album
Song
% Correct
The Chipmunks and the Chipettes: Born to Rock
Bad
25%
The Chipmunks and the Chipettes: Born to Rock
I Wanna Dance with Somebody (Who Loves Me)
25%
The Chipmunks and the Chipettes: Born to Rock
Venus
25%
The Chipmunks and the Chipettes: Born to Rock
Pink Cadillac
25%
The Chipmunks Rock the House
Roam
25%
The Chipmunks Rock the House
Rock the House
25%
The Chipmunks Rock the House
Cold Hearted
25%
The Chipmunks Rock the House
Unbelievable
25%
Chipmunks in Low Places
Country Pride
25%
Chipmunks in Low Places
Stand By Your Man
25%
Chipmunks in Low Places
Brothers and Old Boots
25%
Chipmunks in Low Places
Don't Rock the Jukebox
25%
Chipmunks in Low Places
Down at the Twist and Shout
25%
Chipmunks in Low Places
I Feel Lucky
25%
When You Wish Upon a Chipmunk
A Friend Like Me
25%
When You Wish Upon a Chipmunk
Colors of the Wind
25%
When You Wish Upon a Chipmunk
The Three Caballeros
25%
When You Wish Upon a Chipmunk
Under the Sea
25%
When You Wish Upon a Chipmunk
When You Wish Upon a Star
25%
Club Chipmunk: The Dance Mixes
Macarena
25%
Club Chipmunk: The Dance Mixes
Vogue
25%
Club Chipmunk: The Dance Mixes
Turn the Beat Around
25%
Club Chipmunk: The Dance Mixes
Shout
25%
Club Chipmunk: The Dance Mixes
Love Shack
25%
The A-
Files: Alien Songs
X-Files Theme
25%
The A-
Files: Alien Songs
Venus
25%
The A-
Files: Alien Songs
Time Warp
25%
The A-
Files: Alien Songs
People Are Strange
25%
The A-
Files: Alien Songs
Star Wars: Cantina Band
25%
The A-
Files: Alien Songs
Mr. Spaceman
25%
The A-
Files: Alien Songs
Destination Unknown
25%
Undeniable
We're the Chipmunks
25%
Undeniable
Shake Your Groove Thing
25%
Undeniable
Livin' on a Prayer
25%
Undeniable
Three Little Birds
25%
Undeniable
Thank You
25%
Undeniable
All the Small Things
25%
Undeniable
Acceptance
25%
Undeniable
Don't Stop Believin'
25%
Undeniable
Ho Ho Ho
25%
Undeniable
Home
25%
Let's Sing with the Chipmunks
Chipmunk Fun
0%
Let's Sing with the Chipmunks
The Little Dog
0%
Let's Sing with the Chipmunks
Old MacDonald Cha Cha Cha
0%
Let's Sing with the Chipmunks
Three Blind (Folded) Mice
0%
Let's Sing with the Chipmunks
Good Morning Song
0%
Let's Sing with the Chipmunks
Whistle While You Work
0%
Let's Sing with the Chipmunks
Pop Goes the Weasel
0%
Sing Again with the Chipmunks
Coming 'Round the Mountain
0%
Sing Again with the Chipmunks
I Wish I Had a Horse
0%
Sing Again with the Chipmunks
Swanee River
0%
Sing Again with the Chipmunks
When Johnny Comes Marching Home
0%
Sing Again with the Chipmunks
Sing a Goofy Song
0%
Sing Again with the Chipmunks
Swing Low, Sweet Chariot
0%
Sing Again with the Chipmunks
Working on the Railroad
0%
Around the World with the Chipmunks
Comin' Thru the Rye
0%
Around the World with the Chipmunks
The Magic Mountain
0%
Around the World with the Chipmunks
Lily of Laguna
0%
The Chipmunk Songbook
The Band Played On
0%
The Chipmunk Songbook
Buffalo Gals
0%
The Chipmunk Songbook
Funiculi, Funicula
0%
The Chipmunk Songbook
My Wild Irish Rose
0%
The Chipmunk Songbook
Down in the Valley
0%
The Chipmunk Songbook
Twinkle Twinkle Little Star
0%
The Chipmunk Songbook
On Top of Old Smokey
0%
The Chipmunk Songbook
The Man on the Flying Trapeze
0%
The Chipmunk Songbook
Strolling Through the Park One Day
0%
The Chipmunk Songbook
Polly Wolly Doodle
0%
The Chipmunk Songbook
Bicycle Built for Two
0%
The Chipmunks Sing the Beatles Hits
All My Loving
0%
The Chipmunks Sing the Beatles Hits
Do You Want to Know a Secret
0%
The Chipmunks Sing the Beatles Hits
From Me to You
0%
The Chipmunks Sing the Beatles Hits
A Hard Day's Night
0%
The Chipmunks Sing the Beatles Hits
I Saw Her Standing There
0%
The Chipmunks Sing the Beatles Hits
Can't Buy Me Love
0%
The Chipmunks Sing the Beatles Hits
Please, Please Me
0%
The Chipmunks Sing with Children
Do-Re-Mi
0%
The Chipmunks Sing with Children
Rag Mop
0%
The Chipmunks Sing with Children
Me Too (Ho-Ho! Ha-Ha!)
0%
The Chipmunks Sing with Children
Mister Sandman
0%
The Chipmunks Sing with Children
Tonight You Belong to Me
0%
The Chipmunks Sing with Children
Tea for Two
0%
The Chipmunks Sing with Children
Mississippi Mud
0%
Album
Song
% Correct
The Chipmunks Sing with Children
Down by the Old Mill Stream
0%
Chipmunks á Go-
Go
What's New Pussycat?
0%
Chipmunks á Go-
Go
Mr. Tambourine Man
0%
Chipmunks á Go-
Go
Mrs. Brown, You've Got a Lovely Daughter
0%
Chipmunks á Go-
Go
I'm a Fool
0%
Chipmunks á Go-
Go
Sunshine, Lollipops, and Rainbows
0%
Chipmunks á Go-
Go
The Race is On
0%
Chipmunks á Go-
Go
King of the Road
0%
Chipmunks á Go-
Go
California Girls
0%
Chipmunks á Go-
Go
The 'in' Crowd
0%
Chipmunks á Go-
Go
I'm Henry VIII, I Am
0%
The Chipmunks See Doctor Dolittle
Overture
0%
The Chipmunks See Doctor Dolittle
When I Look in Your Eyes
0%
The Chipmunks See Doctor Dolittle
Fabulous Places
0%
The Chipmunks See Doctor Dolittle
I've Never Seen Anything Like It
0%
The Chipmunks See Doctor Dolittle
Beauitful Things
0%
The Chipmunks Go to the Movies
We're Off to See the Wizard
0%
The Chipmunks Go to the Movies
The Bare Necessities
0%
The Chipmunks Go to the Movies
Consider Yourself
0%
The Chipmunks Go to the Movies
The Roses of Success
0%
Chipmunk Punk
Good Girls Don't
0%
Chipmunk Punk
How Do I Make You…?
0%
Chipmunk Punk
Frustrated
0%
Chipmunk Punk
Crazy Little Thing Called Love
0%
Urban Chipmunk
Thank God I'm a Country Boy
0%
Urban Chipmunk
Lunchbox
0%
Urban Chipmunk
Luckenbach, Texas (Back to the Basics of Love)
0%
Urban Chipmunk
(Hey Won't You Play) Another Somebody Done Somebody Wrong Song
0%
Urban Chipmunk
I Love a Rainy Night
0%
Urban Chipmunk
Coward of the County
0%
Urban Chipmunk
Made for Each Other
0%
Urban Chipmunk
On the Road Again
0%
Chipmunk Rock
Bette Davis Eyes
0%
Chipmunk Rock
Take a Chance on Me
0%
Chipmunk Rock
Queen of Hearts
0%
Chipmunk Rock
Whip It
0%
Chipmunk Rock
Heartbreaker
0%
Chipmunk Rock
Hold on Tight
0%
Chipmunk Rock
Losing You (I Really Wanna Lose You)
0%
The Chipmunks Go Hollywood
Good Ol' Boys
0%
The Chipmunks Go Hollywood
Believe It or Not
0%
The Chipmunks Go Hollywood
E.T. & Me
0%
The Chipmunks Go Hollywood
9 to 5
0%
The Chipmunks Go Hollywood
Best That You Can Do
0%
The Chipmunks Go Hollywood
Fame
0%
The Chipmunks Go Hollywood
Chariots of Fire
0%
Chipmunk Mania
Chipmunk Fun
0%
Chipmunk Mania
Mrs. Brown You've Got a Lovely Daughter
0%
Chipmunk Mania
I'm Henry VIII, I Am
0%
Chipmunk Mania
All My Loving
0%
Chipmunk Mania
Do You Want to Know a Secret
0%
Chipmunk Mania
A Hard Day's Night
0%
Chipmunk Mania
I Saw Her Standing There
0%
Chipmunk Mania
Can't Buy Me Love
0%
The Chipmunks 'Munk Rock
A Hard Day's Night
0%
The Chipmunks 'Munk Rock
California Girls
0%
The Chipmunks 'Munk Rock
Mr. Tambourine Man
0%
The Chipmunks 'Munk Rock
Can't Buy Me Love
0%
The Chipmunks 'Munk Rock
What's New Pussycat?
0%
The Chipmunks and the Chipettes: Born to Rock
Walk Like an Egyptian
0%
The Chipmunks and the Chipettes: Born to Rock
La Bamba
0%
The Chipmunks and the Chipettes: Born to Rock
Mony Mony
0%
The Chipmunks and the Chipettes: Born to Rock
You Keep Me Hangin' On
0%
The Chipmunks and the Chipettes: Born to Rock
Do You Love Me
0%
The Chipmunks Rock the House
Cradle of Love
0%
The Chipmunks Rock the House
Freedom! '90
0%
The Chipmunks Rock the House
It Must Have Been Love
0%
The Chipmunks Rock the House
The Shoop Shoop Song (It's in His Kiss)
0%
The Chipmunks Rock the House
Express Yourself
0%
The Chipmunks Rock the House
Joyride
0%
The Chipmunks Rock the House
Wiggle It
0%
The Chipmunks Rock the House
Hangin' Tough
0%
Chipmunks in Low Places
Gotta Believe in Pumpkins
0%
Chipmunks in Low Places
Outlaws
0%
When You Wish Upon a Chipmunk
Hakuna Matata
0%
When You Wish Upon a Chipmunk
I've Got No Strings
0%
When You Wish Upon a Chipmunk
Kiss the Girl
0%
When You Wish Upon a Chipmunk
He's a Tramp
0%
Club Chipmunk: The Dance Mixes
Stayin' Alive
0%
Club Chipmunk: The Dance Mixes
Play That Funky Music, Chipmunk
0%
Club Chipmunk: The Dance Mixes
I'm Too Sexy
0%
The A-
Files: Alien Songs
Purple People Eater
0%
Undeniable
Rock and Roll
0%
Quiz Playlist
Details
Report
Send in Message
Add To Playlist
More Info:
No Christmas Albums, Greatest Hits Albums, or Soundtracks are included in this quiz.
Classic:
Type in answers that appear in a list
Last Updated: Feb 16, 2017
Quiz Scoreboard
CHALLENGE
Sign Up to Join the Scoreboard
Show All
Scores
Hide
Comments
May contain spoilers
Recently Published
5x2 Blitz: Bands
by SL_Kpop136
Music
30s
Colored Red Africa Blitz
by spor1
Geography
30s
Find the 'City' Movie
by crazypaving
Movies
60s
More to Explore
Quiz From the Vault
Featured Blog Post
14 Easter Pick-up Lines to Find Eggs With
hide this ad
You Might Also Like...
Tags
Alvin
Brittany
Dave
simon
theodore
Today's Top Quizzes in Music
Browse Music
hide this ad
Top Contributed Quizzes in Music
1
5X2 Blitz: Bands II
2
Taylor Swift Logic Puzzle II
3
Taylor Swift All Songs (2024)
4
5X2 Blitz: The Beatles
5
5X2 Blitz: Billboard
6
5X2 Blitz: Singers
7
5X2 Blitz: Album
8
5X2 Blitz: Rock
9
Music Artist by Three 2010s hits
10
5X2 Blitz: Billboard II
Explore More
Trending Topics
Marvel
Crossword
NBA
Disney
Kpop
Harry Potter
Anime
NFL
Soccer
Song
Country
Puzzle
WWE
Pokémon
The Office
hide this ad
More By:
Blazepix
Quiz
Plays
Rating
Category
Featured
Created
Pokemon World Tournament - Regional Teams
3,076
5.00
Gaming
Oct 16, 2012
Pokemon World Tournament - World Leaders
1,722
5.00
Gaming
Oct 16, 2012
Pokemon World Tournament - Champions Tournament
726
5.00
Gaming
Oct 16, 2012
My Little Pony Episode Names Seasons 1-4
588
5.00
Television
May 11, 2014
Pokémon Evolutions Criteria
255
4.50
Gaming
Aug 23, 2012
Go to Creator's Profile
Score Distribution
Quiz Creator Spotlight
Blazepix
Follow
Send a Message
Quizzes Created
-
Created Quiz Play Count
-
More By This Creator
Popular Quizzes Today
1
Find the 'City' Movie
2
Colored Red Africa Blitz
3
Find the US States - No Outlines Minefield
4
5x2 Blitz: Bands
5
The Countries of the World
6
Find the US States
7
US States
8
9x9 Crossword: Cartoon Network
More Music Quizzes
Songs Absent Anagrams
Published
Trending Quizzes
Colored Red Europe Blitz I
Colored Red Africa Blitz II
Colored Red Europe Blitz II
Colored Red Europe Blitz III
Colored Red Africa Blitz III
Recently Updated
Famous TV Couples
Peacemaker
Champions League XIs: Real Madrid
pecheneg
Largest US Cities 1790-2010
pecheneg
Rides in Walt Disney World
pecheneg
Most Oscar Losses (Acting)
pecheneg
Beyoncé Albums
pecheneg
Leaping Animals
pecheneg
Reality TV Shows (A-Z)
bhenderson79
Rickey Henderson's Hall of Fame Teammates
pecheneg
Champions League XIs: Arsenal
pecheneg
Trending Topics
NBA
Disney
Harry Potter
Anime
Marvel
Crossword
Kpop
Country
Puzzle
WWE
Song
Pokémon
The Office
NFL
Soccer
Your Account Isn't Verified!
In order to create a playlist on Sporcle, you need to verify the email address you used during registration. Go to your
Sporcle Settings
to finish the process.
Report this User
Report this user for behavior that violates our
Community Guidelines
.
Details:
Send Report
Go to the Sporcle.com Mobile Site →
Comments